Top 15 landen met Covid-19 sterfgevallen - 17 juni - Statistieken

Algemene statistieken
  • Deze quiz is 6 keer genomen
  • De gemiddelde score is 14 van 20
Antwoordstatistieken
land % Correct
België
100%
Brazilië
100%
Mexico
100%
Nederland
100%
Rusland
100%
Verenigde Staten
100%
Canada
83%
Duitsland
83%
Frankrijk
83%
Italië
83%
Spanje
83%
India
67%
Verenigd Koninkrijk
67%
Zweden
67%
Chili
50%
Ierland
50%
Peru
50%
Iran
33%
Zwitserland
33%
Ecuador
0%
Geen overeenkomende quizzen gevonden
Scoreverdeling
Procent van Mensen met Elke Score
Percentiel versus Aantal Correcte Antwoorden
Uw Scoregeschiedenis
U heeft deze quiz nog niet genomen